000 00434nam a2200169 4500
999 _c738
_d738
003 OSt
005 20200608141518.0
008 200608b ||||| |||| 00| 0 eng d
020 _a9780099410645
040 _aKABLIB
_cKABLIB
_dKABLIB
082 _223
_a823.914
_bJAM
100 _aJames, Donald.
_92377
245 _aVadim /
_cDonald James.
260 _aLondom :
_bArrow Books;
_cc2000.
300 _a502 p. ;
_b18 cm.
942 _2ddc
_cBOOK